A Farewell to Arms Control? (Record no. 242)

MARC details
000 -LEADER
fixed length control field 00519nam a2200133 a 4500
008 - FIXED-LENGTH DATA ELEMENTS--GENERAL INFORMATION
fixed length control field 121116s1972 ||||||||||||||||| || u
050 ## - LIBRARY OF CONGRESS CALL NUMBER
Classification number JX 1974.7 YOU
100 ## - MAIN ENTRY--PERSONAL NAME
Personal name Young, Elizabeth
245 12 - TITLE STATEMENT
Title A Farewell to Arms Control?
Statement of responsibility, etc. by Elizabeth Young.
260 ## - PUBLICATION, DISTRIBUTION, ETC.
Place of publication, distribution, etc. England:
Name of publisher, distributor, etc. Penguin Books
Date of publication, distribution, etc. 1972
300 ## - PHYSICAL DESCRIPTION
Extent 255p.: ill.
650 ## - SUBJECT ADDED ENTRY--TOPICAL TERM
Topical term or geographic name entry element NUCLEAR ARMS CONTROL--SOUTH AFRICA
995 ## -
-- SPECIAL COLLECTIONS
-- 500309
-- CBU-DAG HAMMARSKJOLD INSTITUTE LIBRARY
-- DAG JX 1974.7 YOU
-- 1
-- AVAILABLE
-- Nov 27, 2012
-- 500309
-- DHIPS Book Collection
999 ## -
-- 242
-- 242
Holdings
Withdrawn status Lost status Source of classification or shelving scheme Damaged status Not for loan Permanent Location Current Location Shelving location Date acquired Total Checkouts Full call number Barcode Date last seen Price effective from Koha item type
          CBU-DAG HAMMARSKJOLD INSTITUTE CBU-DAG HAMMARSKJOLD INSTITUTE   11/28/2022   JX 1974.7 YOU 500309 11/28/2022 11/28/2022 MONOGRAPH